| 000 | 00644nam a22002177a 4500 | ||
|---|---|---|---|
| 999 |
_c16713 _d16713 |
||
| 003 | OSt | ||
| 005 | 20180316163241.0 | ||
| 008 | 180316b xxu||||| |||| 00| 0 eng d | ||
| 020 | _a9780470651711 | ||
| 040 | _ckabu | ||
| 050 |
_aHD 57.7 _b.K68 2011 C.1 |
||
| 100 | _aKouzes, James M. | ||
| 245 |
_aCredibility _bHow leaders gain and lose it, why people demand it _cJames M. Kouzes and Barry Z. Posner |
||
| 260 |
_aUSA _bJossey-Bass a Wiley Imprint _c2011 |
||
| 300 | _axxi, 250p. | ||
| 650 | _aLeadership | ||
| 650 | _aExecutive ability | ||
| 650 | _aInterpersonal relations | ||
| 700 | _aBarry Z. Posner | ||
| 942 |
_2lcc _cBK |
||